| 000 | 00711nam a22002057a 4500 | ||
|---|---|---|---|
| 999 |
_c17875 _d17875 |
||
| 003 | OSt | ||
| 005 | 20230126162521.0 | ||
| 008 | 230126b ||||| |||| 00| 0 eng d | ||
| 040 | _c0 | ||
| 082 | _aDPer 370.5 M720 June - December 2017 v66 no. 1-7 | ||
| 100 |
_aAgcaoili, Rodel P. _eauthor. _947518 |
||
| 245 |
_aJuvenile delinquency : _bits effects and how to solve it / _cRodel P. Agcaoili |
||
| 260 |
_aPhilippines : _bPapi Publishers, Inc., _cNovember 2017. |
||
| 300 | _avolume 66, pages 211-214. | ||
| 650 |
_aJuvenile delinquency . _947519 |
||
| 650 |
_aSchool violence. _9592 |
||
| 650 |
_aEmotionally disturbed children. _947520 |
||
| 700 |
_aAgcaoili, Rodel P. _eauthor. _947518 |
||
| 942 |
_2ddc _cPER |
||